Statistics for All Dragon type Pokémon

Click here to take the quiz!

General Stats

  • This quiz has been taken 182 times
    (68 since last reset)
  • The average score is 51 of 69

Answer Stats

TypeGenerationPokémon% Correct
Dragon-Flying1Dragonite
96%
1Dragonair
94%
1Dratini
94%
Ground-Dragon3Flygon
91%
Dragon-Flying3Rayquaza
91%
Dragon-Psychic3Latias
89%
Dragon-Psychic3Latios
89%
Dragon-Ground4Garchomp
87%
Water-Dragon2Kingdra
87%
3Salamence
87%
Ground-Dragon3Vibrava
87%
Steel-Dragon4Dialga
85%
Ghost-Dragon4Giratina
85%
Dark-Dragon5Hydreigon
85%
Water-Dragon4Palkia
85%
Dragon-Flying3Altaria
83%
3Bagon
83%
Dark-Dragon5Deino
83%
Dragon-Ground4Gabite
83%
Dragon-Ice5Kyurem
83%
Dragon-Fire5Reshiram
83%
Dragon-Electric5Zekrom
83%
Dragon-Ground4Gible
79%
5Haxorus
79%
3Shelgon
79%
Dark-Dragon5Zweilous
79%
Normal-Dragon7Drampa
77%
Dragon-Ground6Zygarde
77%
Dragon-Ice9Baxcalibur
75%
Poison-Dragon6Dragalge
75%
6Goodra
75%
Steel-Dragon8Hisuian Goodra
75%
Dragon-Fighting7Kommo-o
75%
5Axew
74%
Dragon-Ghost8Dragapult
72%
5Druddigon
72%
Rock-Dragon6Tyrantrum
72%
Rock-Dragon6Tyrunt
72%
Grass-Dragon8Appletun
70%
Dragon-Ice9Arctibax
70%
Dragon-Ghost8Dreepy
70%
Steel-Dragon8Duraludon
70%
5Fraxure
70%
Dragon-Ice9Frigibax
70%
6Goomy
70%
Steel-Dragon8Hisuian Sliggoo
70%
7Jangmo-o
70%
Flying-Dragon6Noivern
70%
6Sliggoo
70%
Fighting-Dragon9Koraidon
68%
Electric-Dragon9Miraidon
68%
Poison-Dragon8Eternatus
66%
Grass-Dragon8Flapple
66%
Dragon-Fighting7Hakamo-o
66%
Flying-Dragon6Noibat
66%
Grass-Dragon8Applin
64%
Dark-Dragon7Guzzlord
64%
Poison-Dragon7Naganadel
64%
Fire-Dragon7Turtonator
64%
Dragon-Normal9Cyclizar
62%
Grass-Dragon7Alolan Exeggutor
60%
Dragon-Ghost8Drakloak
60%
8Regidrago
60%
Water-Dragon9Walking Wake
60%
Water-Dragon8Dracovish
58%
Dragon-Dark9Roaring Moon
58%
Grass-Dragon9Dipplin
57%
Electric-Dragon8Dracozolt
57%
Dragon-Water9Tatsugiri
55%

Score Distribution

Percentile by Number Answered

Percent of People with Each Score

Your Score History

You have not taken this quiz since the last reset